000 00453nam a2200157 4500
001 113709
003 ES-MaACL
005 20230906190001.0
007 t|
008 061121s1961 sp r ||||1| spa d
100 1 _aPacheco, Diego.
_988117
245 1 0 _aVidas ejemplares
_b: San Pablo Miki /
_cpor Diego Pacheco , S. J.
260 _aMadrid :
_bApostolado de la Prensa,
_c1961.
300 _a118 p. ;
_c16 cm.
852 _aES-MaACL
_jC-22688
_bR.50664
999 _c113709
_d113709